000 00772nam a2200253 i 4500
003 DO-SdBNP
005 20240701145750.0
007 ta
008 240701b2024 dr ||||| |||| 00| 0 spa d
020 _a9789945223392
040 _aDO-SdBNP
_bspa
_cBNPHU
_erda
082 4 _222
100 1 _aVargas, Juan Elpidio,
_eautor
_985911
245 1 0 _aDidáctica de la cultura física :
_bcurrículo y formación docente /
_cJuan Elpidio Vargas
264 _aSanto Domingo :
_bBúho,
_c2024.
300 _a297 páginas ;
_c26 cm.
336 _2rdacontent
_atexto
_btxt
337 _2rdamedia
_asin mediación
_bn
338 _2rdacarrier
_avolumen
_bnc
504 _aBibliografías : páginas 291-297
590 _aInventariado, 2024/BT
910 _aBtavárez
942 _2ddc
_cLBS1
999 _c57097
_d57097